LEADER 01502nam a2200313 i 4500 001 000000143246 003 CaOOAMICUS 005 20240718110251.0 008 050928s1947 fr u000 u fre u 013 $a118604 040 $aSeMil$bita 100 1 $aBa-Hayla, Mika'el,$c.$0(OLS)http://semarc/name/57466 245 13$aLe Livre des Mystères du ciel et de la terre /$ctexte èthiopien publié et traduit par J. Perruchon ; avec le concours de M. I. Guidi. 260 $aParis :$bFirmin-Didot,$c1947. 300 $aXII, 96 p. ;$c28 cm. 490 0 $aPatrologia Orientalis ;$vTome1., fasc. 1, N° 1 500 $aRilegato con i fascicoli del Tome 1 in un unico volume. 500 $aTesto bilingue etiope-francese 500 $aFac-simile dell'ed. del 1903 650 4$aLetteratura cristiana orientale.$0(OLS)http://semarc/subject/28174 650 4$aPadri della Chiesa - Etiopia.$0(OLS)http://semarc/subject/28175 700 1 $aGuidi, Ignazio,$d<1844-1935>.$0(OLS)http://semarc/name/9839 700 1 $aPerruchon, Jules.$0(OLS)http://semarc/name/57467 830 0$aPatrologia orientalis ;$vTome1., fasc. 1, N° 1.$0(OLS)http://semarc/title/11167 850 $aSeMil 852 $aSeMil$W1$xVenegono$y1$mSL2.C II 4/1$j96369$B96369$CSeMilBibl$Z2$F103538 $8I 996 $6245$aLe Livre des Mystères du ciel et de la terre$9(OLS)http://semarc/title/209661 996 $6260$aParis :$bFirmin-Didot$9(OLS)http://semarc/publisher/44713 LEADER 01300nam a2200301 i 4500 001 000000228435 003 CaOOAMICUS 005 20140327000000.0 008 140327s2011 it u000 u ita u 013 $a207337 020 $a978-88-6512-069-9 040 $aSeMil$bita 245 10$aAsia emergente & Europa :$bscenari di compenetrazione /$ca cura di Alessandro Di Paolo ]. 260 $aVenezia :$bMarcianum Press,$c2011. 300 $a188 p. ;$c21 cm. 490 0 $aEmpowerment ;$v11 650 4$aGlobalizzazione.$0(OLS)http://semarc/subject/1284 650 4$aEconomia mondiale.$0(OLS)http://semarc/subject/18557 650 4$aEuropa - Economia.$0(OLS)http://semarc/subject/28466 650 4$aAsia - Economia.$0(OLS)http://semarc/subject/41267 700 1 $aDi Paolo, Alessandro.$0(OLS)http://semarc/name/79039 830 0$aEmpowerment ;$v11.$0(OLS)http://semarc/title/40159 850 $aSeMil 852 $aSeMil$W1$xVenegono$y1$m3M II 243$j178781$B178781$CSeMilBibl$Z2$F189922 $81 961 $aOmaggio: Scola Card. Angelo 996 $6020$a978-88-6512-069-9$9(OLS)http://semarc/number/230506 996 $6245$aAsia emergente & Europa :$bscenari di compenetrazione$9(OLS)http://semarc/title/326997 996 $6260$aVenezia :$bMarcianum Press$9(OLS)http://semarc/publisher/31536